000 00472nam a2200181Ia 4500
001 23555
005 20260414150945.0
008 260414t2006||||xx |||||||||||||| ||spa||
041 _aESP
082 _aS 662.88
_bR77
100 _aRojas Delgado, Mario
_eAUT
245 0 _aCombustibles alternativos para el desarrollo de la industria regional
_b
260 _c2006
300 _a176 páginas :
_c24 cm.
650 _aTCA
654 _aCII
942 _cLIB
_dJUS
_fJUS
_2ddc
_n
999 _c23555
_d23555